00503nam a2200157Ia 4500008004100000040001900041041001200060082002800072100002000100245005200120260003200172300001700204630001400221650006300235651004700298131103s9999 xx 000 0 und d aLoreto College aEnglish a891.44/DASbLCLIB/23536 aDas, Indubhusan aRabindranath Nazrul JeevananadacIndubhusan Das aCalcuttabPustakaloyc[19-] a112p c 22cm aBiography aTagore, Rabindranath. - Islam, Najrul. - Das. - Jeevananda aBengali Literature - History and Criticism